000 00738cam a22002172 4500
001 0000002929
005 20151217151908.0
008 070424s xx 000 0 eng d
040 _aKABU
_cKABU
050 0 _aHG177.5
_b.A3C45
100 1 _aChikati, John.
_@0000152439
245 1 4 _aThe Complete Eastern Africa fundraising handbook /
_cJohn Chikati.
260 _aNairobi :
_bThe Institute of Fundraising and Direct Marketing,
_cc1999.
300 _a329 p. ;
_c26 cm.
650 0 _aFund raising
_zAfrica.
_@0000152440
908 _a070424
950 _@1
999 _c6114
_d6114